The Dale Carnegie omnibus
| Main Author: | Carnegie, Dale |
|---|---|
| Published: |
New Delhi:
Rupa Publications India,
2016.
|
| Subjects: |
| LEADER | 00498cam a2200157 7i4500 | ||
|---|---|---|---|
| 001 | 0000053123 | ||
| 005 | 20191205090000.0 | ||
| 020 | |a 9788129140340 (pbk. ; vol. 1) | ||
| 090 | 0 | 0 | |a BF503 |b .C37 2016 |
| 100 | 1 | |a Carnegie, Dale | |
| 245 | 1 | 4 | |a The Dale Carnegie omnibus |c Dale Carnegie. |
| 260 | |a New Delhi: |b Rupa Publications India, |c 2016. | ||
| 300 | |a ix, 775 p.; |c 18 cm. | ||
| 650 | 0 | 0 | |a Motivation (Psychology) |
| 650 | 0 | 0 | |a Personal improvement |
| 999 | |a 0000067873 |b BOK |c OPEN SHELF |e 1st Floor, Bestari Jaya | ||


